Best Player From Every NBA Franchise - Statistics

General Stats
  • This quiz has been taken 48 times
  • The average score is 24 of 30
Answer Stats
Team Player % Correct
Cavaliers LeBron James
97%
Bulls Michael Jordan
97%
Pistons Isiah Thomas
95%
Thunder Kevin Durant
95%
Celtics Larry Bird
95%
Pelicans Anthony Davis
92%
Timberwolves Kevin Garnett
92%
Warriors Stephen Curry
92%
Spurs Tim Duncan
92%
Heat Dwayne Wade
89%
Jazz Karl Malone
89%
Lakers Magic Johnson
89%
Knicks Patrick Ewing
89%
Pacers Reggie Miller
89%
Mavericks Dirk Nowitzki
87%
Nets Jason Kidd
87%
Raptors Vince Carter
87%
76ers Allen Iverson
84%
Trail Blazers Clyde Drexler
84%
Hawks Dominique Wilkins
84%
Rockets Hakeem Olajuwon
82%
Grizzlies Marc Gasol
82%
Suns Charles Barkley
76%
Magic Dwight Howard
74%
Bucks Kareem Abdul-Jabbar
66%
Nuggets Alex English
63%
Kings Chris Webber
61%
Hornets Alonzo Mourning
58%
Clippers Bob McAdoo
45%
Wizards Elvin Hayes
32%
No matching quizzes found
Score Distribution
Percent of People with Each Score
Percentile by Number Answered
Your Score History
You have not taken this quiz